Advanced physics laboratory book
שמור ב:
| מחבר ראשי: | |
|---|---|
| פורמט: | ספר |
| שפה: | Undetermined |
| יצא לאור: |
John Murray
2003
|
| נושאים: | |
| תגים: |
הוספת תג
אין תגיות, היה/י הראשונ/ה לתייג את הרשומה!
|
| Thư viện lưu trữ: | Trung tâm Học liệu Trường Đại học Cần Thơ |
|---|
| LEADER | 00531nam a2200193Ia 4500 | ||
|---|---|---|---|
| 001 | CTU_211742 | ||
| 008 | 210402s9999 xx 000 0 und d | ||
| 082 | |a 530.078 | ||
| 082 | |b W292 | ||
| 100 | |a Warren, Peter | ||
| 245 | 0 | |a Advanced physics laboratory book | |
| 245 | 0 | |c Peter Warren | |
| 260 | |b John Murray | ||
| 260 | |c 2003 | ||
| 650 | |a Physics | ||
| 650 | |x Laboratory | ||
| 904 | |i Tuyến | ||
| 910 | |a Sách kèm theo đĩa CD có số AV.003562 | ||
| 980 | |a Trung tâm Học liệu Trường Đại học Cần Thơ | ||